| 000 -LEADER |
| fixed length control field |
01427pam a2200397 a 4500 |
| 001 - CONTROL NUMBER |
| control field |
019336354 |
| 003 - CONTROL NUMBER IDENTIFIER |
| control field |
UkOxU |
| 005 - DATE AND TIME OF LATEST TRANSACTION |
| control field |
20230929105712.0 |
| 006 - FIXED-LENGTH DATA ELEMENTS--ADDITIONAL MATERIAL CHARACTERISTICS |
| fixed length control field |
m d |
| 007 - PHYSICAL DESCRIPTION FIXED FIELD--GENERAL INFORMATION |
| fixed length control field |
co mg ---muuuu |
| 008 - FIXED-LENGTH DATA ELEMENTS--GENERAL INFORMATION |
| fixed length control field |
120216s2012 enka 000 0 eng d |
| 015 ## - NATIONAL BIBLIOGRAPHY NUMBER |
| National bibliography number |
GBB218005 |
| Source |
bnb |
| 020 ## - INTERNATIONAL STANDARD BOOK NUMBER |
| International Standard Book Number |
9781107641112 (Coursebook) |
| 020 ## - INTERNATIONAL STANDARD BOOK NUMBER |
| International Standard Book Number |
110764111X (Coursebook) |
| 035 ## - SYSTEM CONTROL NUMBER |
| System control number |
(Uk)016035404 |
| 035 ## - SYSTEM CONTROL NUMBER |
| System control number |
(StEdALDL)1/2765754 |
| 040 ## - CATALOGING SOURCE |
| Original cataloging agency |
StDuBDS |
| Language of cataloging |
eng |
| Transcribing agency |
StDuBDS |
| Modifying agency |
UkOxU |
| -- |
KH8 |
| 042 ## - AUTHENTICATION CODE |
| Authentication code |
ukscp |
| 049 ## - LOCAL HOLDINGS (OCLC) |
| Holding library |
CROBAR |
| 082 04 - DEWEY DECIMAL CLASSIFICATION NUMBER |
| Classification number |
510 BYR |
| Edition number |
23 |
| 100 1# - MAIN ENTRY--PERSONAL NAME |
| Personal name |
Byrd, Greg, |
| Relator term |
author. |
| 245 10 - TITLE STATEMENT |
| Title |
Cambridge checkpoint mathematics. |
| Number of part/section of a work |
7 / |
| Statement of responsibility, etc. |
Greg Byrd, Lynn Byrd and Chris Pearce. |
| 260 ## - PUBLICATION, DISTRIBUTION, ETC. |
| Place of publication, distribution, etc. |
Cambridge : |
| Name of publisher, distributor, etc. |
Cambridge University Press, |
| Date of publication, distribution, etc. |
2012. |
| 300 ## - PHYSICAL DESCRIPTION |
| Extent |
2 v. : |
| Other physical details |
col. ill. ; |
| Dimensions |
28 cm. + |
| Accompanying material |
1 CD-ROM (4 3/4 in.). |
| 490 1# - SERIES STATEMENT |
| Series statement |
Cambridge checkpoint |
| 500 ## - GENERAL NOTE |
| General note |
"Endorsed by University of Cambridge International Examinations"--Cover. |
| 500 ## - GENERAL NOTE |
| General note |
Accompanied by 1 CD-ROM entitled: Teacher's resource. |
| 505 0# - FORMATTED CONTENTS NOTE |
| Formatted contents note |
Coursebook -- Practice book. |
| 610 20 - SUBJECT ADDED ENTRY--CORPORATE NAME |
| Corporate name or jurisdiction name as entry element |
University of Cambridge. |
| Subordinate unit |
Local Examinations Syndicate. |
| -- |
International Examinations |
| General subdivision |
Examinations |
| Form subdivision |
Study guides. |
| 650 #0 - SUBJECT ADDED ENTRY--TOPICAL TERM |
| Topical term or geographic name entry element |
Mathematics |
| General subdivision |
Study and teaching (Secondary) |
| 650 #0 - SUBJECT ADDED ENTRY--TOPICAL TERM |
| Topical term or geographic name entry element |
Mathematics |
| General subdivision |
Examinations |
| Form subdivision |
Study guides. |
| 700 1# - ADDED ENTRY--PERSONAL NAME |
| Personal name |
Byrd, Lynn, |
| Relator term |
author. |
| 700 1# - ADDED ENTRY--PERSONAL NAME |
| Personal name |
Pearce, Chris, |
| Relator term |
author. |
| 830 #0 - SERIES ADDED ENTRY--UNIFORM TITLE |
| Uniform title |
Cambridge checkpoint. |
| 942 ## - ADDED ENTRY ELEMENTS (KOHA) |
| Source of classification or shelving scheme |
|
| Koha item type |
Teaching Resources |